000 04245cam a2200433 i 4500
001 17991500
003 OSt
005 20231229150412.0
008 140108s2014 si a b 001 0 eng
010 _a 2013051304
020 _a9781118197431 (hardback)
040 _aDLC
_beng
_cDLC
_erda
_dDLC
042 _apcc
050 0 0 _aTP492.5
_b.W36 2014
082 0 0 _a621.57
_bWAN/A
084 _aTEC005050
_2bisacsh
100 1 _aWang, Ruzhu
_910244
245 1 0 _aAdsorption refrigeration technology :
_btheory and application /
_cRuzhu Wang, Liwei Wang and Jingyi Wu, Shanghai Jiao Tong University, China.
264 1 _aSingapore :
_bJohn Wiley & Sons, Inc.,
_c2014.
300 _axxix, 494 pages :
_billustrations ;
_c26 cm
336 _atext
_2rdacontent
337 _aunmediated
_2rdamedia
338 _avolume
_2rdacarrier
504 _aIncludes bibliographical references and index.
504 _aIncludes bibliographical references and index.
520 2 _a"Gives readers a detailed understanding of adsorption refrigeration technology, with a focus on practical applications and environmental concerns. Systematically covering the technology of adsorption refrigeration, this book provides readers with a technical understanding of the topic as well as detailed information on the state-of-the-art from leading researchers in the field. Introducing readers to background on the development of adsorption refrigeration, the authors also cover the development of adsorbents, various thermodynamic theories, the design of adsorption systems and adsorption refrigeration cycles. The book guides readers through the research process, covering key aspects such as: the principle of adsorption refrigeration; choosing adsorbents according to different characteristics; thermodynamic equations; methods for the design of heat exchangers for adsorbers; and the advanced adsorption cycles needed. It is also valuable as a reference for professionals working in these areas. Covers state-of-the art of adsorption research and technologies for relevant applications, working from adsorption working pairs through to the application of adsorption refrigeration technology for low grade heat recovery. Assesses sustainable alternatives to traditional refrigeration methods, such as the application of adsorption refrigeration systems for solar energy and waste heat Includes a key chapter on the design of adsorption refrigeration systems as a tutorial for readers new to the topic; the calculation models for different components and working processes are also included. Takes real-world examples giving an insight into existing products and installations and enabling readers to apply the knowledge to their own work. Target audience: Academics researching low grade energy utilization and refrigeration; Graduate students of refrigeration and low grade energy utilization; Experienced engineers wanting to renew knowledge of adsorption technology; Engineers working at companies developing adsorption chillers; Graduate students working on thermally driven systems; Advanced undergraduates for the Refrigeration Principle as a part of thermal driven refrigeration technology"--
_cProvided by publisher.
650 0 _aRefrigeration and refrigerating machinery
_xResearch.
650 0 _aRefrigeration and refrigerating machinery
_xTechnological innovations.
650 0 _aRefrigeration and refrigerating machinery
_xEnvironmental aspects.
650 0 _aAdsorption.
650 7 _aTECHNOLOGY & ENGINEERING / Construction / Heating, Ventilation & Air Conditioning.
_2bisacsh
700 1 _aWang, Liwei
_c(Professor)
700 1 _aWu, Jingyi,
_cPh.D.
776 0 8 _iOnline version:
_aWang, Ruzhu.
_tAdsorption refrigeration technology
_dSingapore : John Wiley & Sons, Inc., 2014
_z9781118197462
_w(DLC) 2014003757
856 4 2 _3Cover image
_uhttp://catalogimages.wiley.com/images/db/jimages/9781118197431.jpg
906 _a7
_bcbc
_corignew
_d1
_eecip
_f20
_gy-gencatlg
942 _2ddc
_cBK
_h621.57
_iWAN/A
_k621.57
_mWAN/A
999 _c44248
_d44248